| 000 | 00686cam a22002531 4500 | ||
|---|---|---|---|
| 001 | 17027 | ||
| 003 | BD-RjUL | ||
| 005 | 20211209000058.0 | ||
| 008 | 140216s1963 nyua j 001 0 eng | ||
| 035 | _a(BD-RjUL)17084 | ||
| 035 | _a(OCoLC)242543 | ||
| 040 |
_aDLC _cOUrC _dMnDuStS _dDLC _beng |
||
| 041 | _aeng | ||
| 082 | 0 | 0 |
_a709 _bPAW 1963 |
| 100 | 1 |
_aPaul, Louis, _d1901- _952519 |
|
| 245 | 1 | 4 |
_aThe way art happens / _cLouis Paul. |
| 260 |
_aNew York : _bWashburn, _cc1963. |
||
| 300 |
_axv, 205 p. : _billus. ; _c23 cm. |
||
| 504 | _aIncludes index. | ||
| 650 | 0 |
_aArt _xHistory _xJuvenile literature. _952520 |
|
| 942 |
_2ddc _cBK |
||
| 999 |
_c17027 _d17027 |
||